| 000 | 00623nam a2200169 4500 | ||
|---|---|---|---|
| 008 | 0 1992 0a 000 0ESP | ||
| 020 | _a84-7615-767-3 | ||
| 050 | _aQA76.76.O63 A346 | ||
| 082 | _a001.64 A665i | ||
| 100 | _aAlcalde Lancharro, Eduardo | ||
| 245 | _aIntroducción a los Sistemas Operativos / Eduardo Alcalde Lancharro | ||
| 260 | _aEspaña: McGraw-Hill | ||
| 300 | _axii, 259 p. / 24 cm. | ||
| 500 | _aIncluye contenido, prólogo, índice y bibliografía. | ||
| 650 | _a1. SISTEMAS OPERACIONALES (COMPUTADORAS) | ||
| 700 | _aMorera Pascual, Juan, Coaut. \ Perez-Campanero Atanasio, Juan A., Coaut. | ||
| 999 |
_c11872 _d11872 |
||